Multi-stage Transportation Problem with Capacity Limit

Štandardný problém dopravy, formulácia problému. Modifikácia štandardného problému dopravy. Prípadová štúdia.

Salvato in:
Dettagli Bibliografici
Autore principale: Brezina, Ivan, 1963-
Altri autori: Čičková, Zuzana, 1978-, Pekár, Juraj, 1972-, Reiff, Marian, 1978-
Natura: Capitolo di libro
Lingua:inglese
Soggetti:
Tags: Aggiungi Tag
Nessun Tag, puoi essere il primo ad aggiungerne!!

MARC

LEADER 00000nla$a2200000$$$4500
001 0123206
005 20240502083314.6
041 0 |a eng 
044 |a TR 
245 1 0 |a Multi-stage Transportation Problem with Capacity Limit  |c Ivan Brezina, Zuzana Čičková, Juraj Pekár, Marian Reiff 
520 |a Štandardný problém dopravy, formulácia problému. Modifikácia štandardného problému dopravy. Prípadová štúdia. 
610 2 0 |a doprava 
610 2 0 |a kapacita prepravná 
610 2 0 |a optimalizácia 
610 2 0 |a programovanie 
610 2 0 |a programovanie lineárne 
610 2 0 |a algoritmy 
100 1 |a Brezina, Ivan, 1963- 
700 1 |a Čičková, Zuzana, 1978- 
700 1 |a Pekár, Juraj, 1972- 
700 1 |a Reiff, Marian, 1978-